[Event "Las Vegas National op"]
[Site "Las Vegas"]
[Date "2005.06.10"]
[Round "1"]
[White "Wojtkiewicz, Aleksander"]
[Black "Xiaosha, Lu"]
[Result "1/2-1/2"]
[WhiteElo "2535"]
[BlackElo "2262"]
[PlyCount "58"]
[EventDate "2005.06.10"]
[EventType "swiss"]
[EventRounds "7"]
[EventCountry "USA"]
[SourceTitle "CBM 106 Extra"]
[Source "ChessBase"]
[SourceDate "2005.07.01"]
[SourceVersion "1"]
[SourceVersionDate "2005.07.01"]
[SourceQuality "1"]

1. Nf3 f5 2. g3 Nf6 3. Bg2 g6 4. b4 Bg7 5. Bb2 d6 6. d4 0-0 7. c4 a5 8. b5 Qe8 9. Qb3 a4 10. Qc2 Ne4 11. 0-0 c6 12. Na3 Bd7 13. Nd2 Nxd2 14. Qxd2 e5 15. dxe5 dxe5 16. Rfd1 Be6 17. Qd6 e4 18. Bxg7 Kxg7 19. Qe5+ Kg8 20. Rd6 Bf7 21. Qd4 Qe7 22. f3 Bd5 23. c5 Nd7 24. fxe4 fxe4 25. Nc4 Rad8 26. Rd1 Nf6 27. b6 Rxd6 28. Nxd6 Bxa2 29. Qxa4 Bd5 1/2-1/2

[Event "Kishinev Interzonal (Women)"]
[Site "Kishinev"]
[Date "1995.??.??"]
[Round "11"]
[White "Berend, Elvira S"]
[Black "Xiaosha, Lu"]
[Result "1-0"]
[WhiteElo "2340"]
[BlackElo "2280"]
[PlyCount "121"]
[EventDate "1995.09.??"]
[EventType "swiss"]
[EventRounds "13"]
[EventCountry "MDA"]
[SourceTitle "EXT 1997"]
[Source "ChessBase"]
[SourceDate "1996.11.15"]
[SourceVersion "1"]
[SourceVersionDate "1996.11.15"]
[SourceQuality "1"]

1. e4 d5 2. exd5 Qxd5 3. Nc3 Qa5 4. d4 Nf6 5. Nf3 Bg4 6. h3 Bh5 7. g4 Bg6 8. Ne5 e6 9. h4 Bb4 10. Bd2 Nbd7 11. Nxd7 Kxd7 12. Bg2 h5 13. g5 Nd5 14. Ne2 Qa6 15. a3 Bxd2+ 16. Qxd2 Rad8 17. 0-0-0 Kc8 18. Bxd5 exd5 19. f3 Qd6 20. Nf4 Bf5 21. Rhe1 g6 22. Re5 c6 23. Rde1 Rd7 24. Re8+ Rxe8 25. Rxe8+ Rd8 26. Qe3 Rxe8 27. Qxe8+ Kc7 28. Qe3 b6 29. Kd2 c5 30. c3 Kb7 31. Ne2 Ka6 32. Qe8 Be6 33. dxc5 bxc5 34. b4 cxb4 35. Qa4+ Kb6 36. Qxb4+ Qxb4 37. axb4 Kc6 38. Kd3 Kd6 39. Kd4 Bd7 40. Nf4 Bc6 41. Ng2 Bd7 42. Ne3 Be6 43. f4 a6 44. f5 Bxf5 45. Nxd5 Be6 46. c4 Bd7 47. Nf6 Bc8 48. b5 a5 49. Nd5 Bh3 50. c5+ Kd7 51. Ke5 Kc8 52. c6 Kb8 53. b6 a4 54. Nb4 Bf1 55. Kd6 a3 56. Kc5 Be2 57. Kd4 Bb5 58. Kc3 Bxc6 59. Nxc6+ Kb7 60. Nd8+ Kxb6 61. Nxf7 1-0

[Event "Kishinev Interzonal (Women)"]
[Site "Kishinev"]
[Date "1995.??.??"]
[Round "6"]
[White "Socko, Monika"]
[Black "Xiaosha, Lu"]
[Result "0-1"]
[WhiteElo "2310"]
[BlackElo "2280"]
[PlyCount "119"]
[EventDate "1995.09.??"]
[EventType "swiss"]
[EventRounds "13"]
[EventCountry "MDA"]
[SourceTitle "EXT 1997"]
[Source "ChessBase"]
[SourceDate "1996.11.15"]
[SourceVersion "1"]
[SourceVersionDate "1996.11.15"]
[SourceQuality "1"]

1. d4 Nf6 2. Nf3 g6 3. c4 Bg7 4. Nc3 0-0 5. e4 d6 6. Be2 e5 7. d5 a5 8. Bg5 h6 9. Bh4 Qe8 10. Nd2 Na6 11. a3 Bd7 12. b3 Nh7 13. 0-0 h5 14. f3 Bh6 15. Rb1 Be3+ 16. Kh1 Bc5 17. Qc1 f5 18. exf5 gxf5 19. Na2 Qg6 20. b4 axb4 21. axb4 Be3 22. Bf2 Bxf2 23. Rxf2 e4 24. fxe4 fxe4 25. Rxf8+ Rxf8 26. Qg1 Nf6 27. Rb3 Bg4 28. Bf1 h4 29. Nc3 Bf5 30. Nd1 Nh5 31. Qe3 Nb8 32. Be2 Nd7 33. Bxh5 Qxh5 34. Nf2 Nf6 35. Rb1 Qg6 36. Rg1 c6 37. g4 Bd7 38. g5 Nh5 39. Qxe4 Qg7 40. Qxh4 cxd5 41. Ng4 Bxg4 42. Qxg4 Nf4 43. cxd5 Qd4 44. Rd1 Re8 45. Rf1 Rf8 46. Qd1 Qxd5+ 47. Nf3 Nd3 48. Kg2 Qe4 49. h3 d5 50. Kg3 Nxb4 51. Qc1 Nc2 52. Ng1 Qe5+ 53. Kh4 Rc8 54. Rf4 Rc3 55. Nf3 Qc7 56. Qd2 Ne3 57. Rf6 Qh7+ 58. Rh6 Qe4+ 59. Kh5 Qxf3+ 60. Kg6 0-1

[Event "Kishinev Interzonal (Women)"]
[Site "Kishinev"]
[Date "1995.??.??"]
[Round "7"]
[White "Xiaosha, Lu"]
[Black "Peng, Zhaoqin"]
[Result "1/2-1/2"]
[WhiteElo "2280"]
[BlackElo "2355"]
[PlyCount "20"]
[EventDate "1995.09.??"]
[EventType "swiss"]
[EventRounds "13"]
[EventCountry "MDA"]
[SourceTitle "EXT 1997"]
[Source "ChessBase"]
[SourceDate "1996.11.15"]
[SourceVersion "1"]
[SourceVersionDate "1996.11.15"]
[SourceQuality "1"]

1. e4 c5 2. f4 e6 3. Nf3 d5 4. Bb5+ Bd7 5. Bxd7+ Nxd7 6. d3 Ne7 7. Nc3 d4 8. Ne2 Nc6 9. 0-0 Be7 10. c4 f5 1/2-1/2